01520cam a2200349 a 4500999001500000001000800015003000500023005001700028008004100045010001700086020003200103040001800135043001200153050002600165082002700191100002100218245013700239250001200376260004200388300003500430440004900465504006400514610005200578650005500630650005600685856006900741856008900810906004500899942001200944952010700956952010701063 c3787d37872579737Nust20180117090013.0960701s1997 caua b 001 0 eng  a 96025321  a0787903221 (acidfree paper) aDLCcDLCdDLC an-us---00aHD9696.S44bN386 199700a338.7/6213815/09732201 aMiles, Robert H.10aCorporate comeback :bthe story of renewal and transformation at National Semiconductor /cRobert H. Miles ; foreword by Gil Amelio. a1st ed. aSan Francisco :bJossey-Bass,cc1997. axxvi, 388 p. :bill. ;c24 cm. 4aThe Jossey-Bass business & management series aIncludes bibliographical references (p. 363-371) and index.20aNational Semiconductor CorporationxManagement. 0aSemiconductor industryzUnited StatesxManagement. 0aCorporate turnaroundszUnited StatesxCase studies.4 3Table of Contentsuhttp://lcweb.loc.gov/catdir/toc/96025321.html423Publisher descriptionuhttp://www.loc.gov/catdir/enhancements/fy0706/96025321-d.html a7bcbccorignewd1eocipf19gy-gencatlg 2ddccBK 00102ddc4070aCLbCLcGENd2016-12-06o338.762138150973 MILpS3H-N-1213r2016-12-06w2016-12-06yBK 00102ddc4070aCLbCLcGENd2016-12-06o338.762138150973 MILpS3H-N-1212r2016-12-06w2016-12-06yBK